| 000 | 00484nam a2200181Ia 4500 | ||
|---|---|---|---|
| 003 | OSt | ||
| 005 | 20260119144157.0 | ||
| 008 | 210210b1968 xxu||||| |||| 00| 0 eng d | ||
| 040 | _cAL | ||
| 041 | _aKannada | ||
| 082 | _a859/260 | ||
| 100 |
_aUSHADEVI _9148605 _dಉಷಾದೇವಿ |
||
| 245 |
_aMuru mattondu: _bಮೂರು ಮತ್ತೊಂದು |
||
| 260 |
_aBengaluru _bHemanta Sahitya _c1968 |
||
| 690 |
_aKannada Fiction _9148606 |
||
| 906 | _a021132 | ||
| 942 |
_2ddc _cBK |
||
| 999 |
_c145194 _d145194 |
||